Library of the University of Algiers 3
Ibrahim Sultan Cheibout
شعار جامعة الجزائر 3
مكتبة جامعة الجزائر 3
إبراهيم سلطان شيبوط

إدارة العملات الأجنبية / (رقم التسجيلة. 42217)

تفاصيل مارك
000 -LEADER
fixed length control field 01447nam a2200217Ia 4500
003 - CONTROL NUMBER IDENTIFIER
control field Ost
005 - DATE AND TIME OF LATEST TRANSACTION
control field 20260507075016.0
008 - FIXED-LENGTH DATA ELEMENTS--GENERAL INFORMATION
fixed length control field 260507s9999||||xx |||||||||||||| ||und||
040 ## - CATALOGING SOURCE
Transcribing agency fsecg
041 ## - LANGUAGE CODE
Language code of text/sound track or separate title ara
082 ## - DEWEY DECIMAL CLASSIFICATION NUMBER
Classification number 332.4
100 ## - MAIN ENTRY--PERSONAL NAME
Personal name الطراد، اسماعيل ابراهيم
Relator term مؤلف
245 #0 - TITLE STATEMENT
Title إدارة العملات الأجنبية /
Statement of responsibility, etc. اسماعيل ابراهيم الطراد
260 ## - PUBLICATION, DISTRIBUTION, ETC.
Place of publication, distribution, etc. اربد:
Name of publisher, distributor, etc. مطبعة الروزنا,
Date of publication, distribution, etc. 2001
300 ## - PHYSICAL DESCRIPTION
Extent 392 صفحة؛
Other physical details إيضاحات ؛
Dimensions 24 سم
520 ## - SUMMARY, ETC.
Summary, etc. المفاهيم الأساسية للتعامل بالعملات الأجنبية-أسعار الصرف-تسمية أسعار العملات الأجنبية-غرفة التعامل بالعملات الأجنبية-عمليات التعامل الآني-الأسعار المتقاطعة-عمليات المراجعة-السوق النقدي-عمليات التعامل الآجل-عمليات التبديل-مخاطر ومشاكل التعامل بالعملات الأجنبية-محاسبة عمليات العملات الأجنبية-شهادات الإيداع-سوق اليورودولار-العملة الأوروبية الموحدة(اليورو)-حقوق خيار العملات-مستقبليات العملة-التنبؤ بأسعار صرف العملات الأجنبية
653 ## - INDEX TERM--UNCONTROLLED
Uncontrolled term الأسعار
653 ## - INDEX TERM--UNCONTROLLED
Uncontrolled term النقود
653 ## - INDEX TERM--UNCONTROLLED
Uncontrolled term سلة العملات
942 ## - ADDED ENTRY ELEMENTS (KOHA)
Koha item type كتب
المقتنيات
Withdrawn status Lost status Source of classification or shelving scheme Damaged status Not for loan Home library Current library Date acquired Serial enumeration / chronology Inventory number Total checkouts Full call number Barcode Date last seen Price effective from Koha item type
    Dewey Decimal Classification   Available مكتبة كلية العلوم الإقتصادية والعلوم التجارية وعلوم التسيير مكتبة كلية العلوم الإقتصادية والعلوم التجارية وعلوم التسيير 07/05/2026 الطابق الأرضي 21916   أ/60ن1 21916 07/05/2026 07/05/2026 كتب
    Dewey Decimal Classification   Available مكتبة كلية العلوم الإقتصادية والعلوم التجارية وعلوم التسيير مكتبة كلية العلوم الإقتصادية والعلوم التجارية وعلوم التسيير 07/05/2026 الطابق الأرضي 21947   أ/60ن2 21947 07/05/2026 07/05/2026 كتب
    Dewey Decimal Classification   Available مكتبة كلية العلوم الإقتصادية والعلوم التجارية وعلوم التسيير مكتبة كلية العلوم الإقتصادية والعلوم التجارية وعلوم التسيير 07/05/2026 الطابق الأرضي 21976   أ/60ن3 21976 07/05/2026 07/05/2026 كتب
    Dewey Decimal Classification   Available مكتبة كلية العلوم الإقتصادية والعلوم التجارية وعلوم التسيير مكتبة كلية العلوم الإقتصادية والعلوم التجارية وعلوم التسيير 07/05/2026 الطابق الثاني 22007   أ/60ن4 22007 07/05/2026 07/05/2026 كتب

موارد الويب المفتوحة


© University of Algiers 3 All Rights Reserved
|
Implemented by LECHELAH Riad